Statistics for All HermitCraft Members (Vanilla & Modded)

Click here to take the quiz!

General Stats

  • This quiz has been taken 5 times
    (3 since last reset)
  • The average score is 51 of 73

Answer Stats

SeasonsAnswer% Correct
Season 1, Season 5, Season 6, Season 7, Season 8, Season 9, Season 10BdoubleO100
100%
Season 1, FTB Ultimate, Season 2, FTB Unleashed, FTB Monster, Modsauce, Season 3, FTB Infinity, Season 4, Hermitpack, Season 5, Hermit Skies, Season 6Biffa2001
100%
Season 4, Hermitpack, Season 5, Hermit Skies, Season 6, Season 7, Season 8, Season 9, Season 10Cubfan135
100%
Season 3, Season 4, Season 5, Season 6, Season 7, Season 8, Season 9, Season 10Docm77
100%
Season 3, FTB Infinity, Season 4, Hermitpack, Season 5, Season 7, Season 8, Season 9, Vault Hunters, Season 10EthosLab
100%
Season 2, Modsauce, Season 3, Season 4, Hermitpack, Season 5, Hermit Skies, Season 6, Season 7, Season 8, Season 9, Vault Hunters, Season 10FalseSymmetry
100%
Season 8, Season 9, Season 10GeminiTay
100%
Season 1Generikb
100%
Season 4, Hermitpack, Season 5, Hermit Skies, Season 6, Season 7, Season 8, Season 9, Season 10GoodTimesWithScar
100%
Season 6, Season 7, Season 8, Season 9, Season 10Grian
100%
Season 1, FTB Ultimate, Season 2, FTB Unleashed, FTB Monster, Modsauce, Season 3, FTB Infinity, Modsauce 2, Season 4, Hermitpack, Hermit Skies, Season 7, Season 8, Season 9, Vault Hunters, Season 10Hypnotizd
100%
Season 2, FTB Monster, Modsauce, Season 3, FTB Infinity, Season 4, Hermitpack, Season 5, Hermit Skies, Season 6, Season 7, Season 8, Season 9, Vault Hunters, Season 10iJevin
100%
Season 3, Season 4, Hermitpack, Season 5, Season 6, Season 7, Season 8, Season 9, Vault Hunters, Season 10impulseSV
100%
Season 4, Hermitpack, Season 5, Hermit Skies, Season 6, Season 7, Season 8, Season 9, Vault Hunters, Season 10iskall85
100%
Season 1, FTB Ultimate, Season 2, FTB Unleashed, FTB Monster, Season 3, FTB Infinity, Season 4, Hermitpack, Season 5, Hermit Skies, Season 6, Season 7, Season 8, Season 9, Vault Hunters, Season 10JoeHills
100%
Season 1, FTB Ultimate, Season 2, FTB Unleashed, FTB Monster, Modsauce, Season 3, Season 6, Season 7, Season 8, Season 9, Season 10Keralis
100%
Season 2, Modsauce, Season 3, Season 4, Season 5, Season 6, Season 7, Season 8, Season 9, Season 10Mumbo Jumbo
100%
Season 8, Season 9, Season 10PearlescentMoon
100%
Season 3, Season 4, Hermitpack, Season 5, Hermit Skies, Season 6PythonGB
100%
Season 4, Hermitpack, Season 5, Hermit Skies, Season 6, Season 7, Season 8, Season 9, Season 10Rendog
100%
Season 10Skizzleman
100%
Season 10SmallishBeans
100%
Season 5, Hermit Skies, Season 6, Season 7, Season 8, Season 9, Vault Hunters, Season 10StressMonster101
100%
Season 2, Season 3, Season 4, Season 5, Season 6, Season 7, Season 8, Season 9, Season 10TangoTek
100%
Season 4, Season 5, Season 7, Season 8, Season 9, Vault Hunters, Season 10VintageBeef
100%
Season 4, Hermitpack, Season 5, Hermit Skies, Season 6, Season 7, Season 8, Season 9, Vault Hunters, Season 10Welsknight
100%
Season 2, Modsauce, Season 3, FTB Infinity, Modsauce 2, Season 4, Hermitpack, Season 5, Hermit Skies, Season 6, Season 7, Season 8, Season 9, Vault Hunters, Season 10xBCrafted
100%
Season 1, FTB Ultimate, Season 2, Modsauce, Season 3, Modsauce 2, Season 4, Hermitpack, Season 5, Hermit Skies, Season 6, Season 7, Season 8, Season 9, Vault Hunters, Season 10Xisumavoid
100%
Season 5, Season 6, Season 7, Season 8, Season 9, Season 10Zedaph
100%
Season 2, Modsauce, Season 3, Modsauce 2, Season 4, Hermitpack, Season 5, Season 6, Season 7, Season 8, Season 9, Season 10ZombieCleo
100%
Season 1, FTB Ultimate777static777
50%
Season 1, FTB Ultimate, Season 2alex2295
50%
Season 1, FTB Ultimate, Season 2, FTB Unleashed, FTB MonsterAureylian
50%
FTB UltimateAvidyaZen
50%
FTB UltimateBlockFortress
50%
Season 1Brenybeast
50%
Season 1, Season 2CilantroGamer
50%
Season 1, FTB UltimateCoestar
50%
Modsauce 2Corpseapult
50%
Season 1Cubehamster
50%
Season 2Dewtroid
50%
Season 1Dinnerbone
50%
HermitpackDraaxLP
50%
Season 1, FTB Ultimate, Season 2, FTB Unleashed, FTB Monster, Season 3IAmSp00n
50%
FTB UltimateJCvsMC
50%
Season 1, FTB Ultimate, Season 2, FTB Unleashed, FTB Monster, Modsauce, Season 4, Hermitpack, Hermit Skies, Season 6Jessassin
50%
Season 1, FTB Ultimate, Season 2Joenagee
50%
Season 1, FTB Ultimatejoshuaaap
50%
Modsauce 2Jotato
50%
Season 1, FTB Ultimate, Season 2, FTB Unleashed, FTB Monster, ModsauceJuicetra
50%
Season 1, Season 2Kiershar
50%
Season 1, FTB Ultimate, Season 2, FTB Unleashed, FTB Monster, Modsauce, Season 3, FTB Infinity, Modsauce 2KingDaddyDMAC
50%
Season 2King Happy
50%
Season 2, FTB UnleashedLuclin
50%
Season 1Marc IRL
50%
FTB Ultimate, Season 2, FTB Unleashed, FTB Monster, ModsauceMarriland
50%
FTB InfinityMhykol
50%
Season 1, Season 2, Modsauce, Season 3, Season 4Monkeyfarm
50%
FTB UltimateNecomie
50%
Season 1, FTB Ultimate, Season 2, FTB Monster, Modsauce, Season 3Pungence
50%
Season 1, Season 2, FTB UnleashedRed3yz
50%
HermitpackScalda
50%
Season 1Shawnvmartin
50%
Season 1, FTB Ultimate, Season 2, FTB Monster, Modsauce, Season 3Skyzm
50%
FTB Ultimate, Season 2, FTB Unleashed, FTB Monster, Modsauce, Season 3, FTB Infinity, Modsauce 2Sl1pg8r
50%
Season 1Sokar
50%
Season 2, Modsauce, Season 3Spumwack
50%
FTB Ultimate, Season 2, FTB Unleashed, FTB Monster, Modsauce, Season 3, FTB Infinity, Season 4, Season 5, Hermit Skies, Season 6, Season 7, Season 8, Season 9TinFoilChef
50%
Season 1, FTB Ultimate, Season 2, FTB Unleashed, FTB Monster, Modsauce, Season 3TopMass
50%
Season 1, FTB Ultimate, Season 2, FTB Unleashed, FTB MonsterUnhost
50%
FTB Ultimate, Season 2, FTB UnleashedVenomKisser
50%
Season 2, FTB Monster, Modsauce, Season 3, FTB Infinity, Modsauce 2, Season 4, HermitpackZueljin
50%
FTB Infinity, Modsauce 2thejims
0%

Score Distribution

Percentile by Number Answered

Percent of People with Each Score

Your Score History

You have not taken this quiz since the last reset